[Event "MMM"]
[Site "Galaxy Gesia 22a - Krakow"]
[Date "2022.06.18"]
[Round "5.2"]
[White "Thiercelin, Jerome"]
[Black "Suder, Jakub"]
[Result "0-1"]
[BlackElo "2306"]
[WhiteElo "2016"]
[LiveChessVersion "1.4.8"]

1. d4 {[%clk 1:30:51]} d5 {[%clk 1:30:56]} 2. c4 {[%clk 1:31:15]} dxc4
{[%clk 1:31:24]} 3. Nf3 {[%clk 1:31:30]} a6 {[%clk 1:31:47]} 4. a4
{[%clk 1:31:48]} Nc6 {[%clk 1:32:11]} 5. e3 {[%clk 1:31:28]} e5 {[%clk 1:32:34]}
6. Bxc4 {[%clk 1:29:07]} e4 {[%clk 1:32:47]} 7. Ne5 {[%clk 1:25:33]} Nxe5
{[%clk 1:31:01]} 8. dxe5 {[%clk 1:25:50]} Qxd1+ {[%clk 1:25:10]} 9. Kxd1
{[%clk 1:26:13]} Ne7 {[%clk 1:24:29]} 10. Bd2 {[%clk 1:21:17]} Nc6
{[%clk 1:19:15]} 11. Bd5 {[%clk 1:17:04]} Nxe5 {[%clk 1:18:44]} 12. Bxe4
{[%clk 1:17:21]} Nc4 {[%clk 1:15:55]} 13. Bc3 {[%clk 1:16:15]} Bg4+
{[%clk 1:15:37]} 14. f3 {[%clk 1:13:35]} O-O-O+ {[%clk 1:15:33]} 15. Ke2
{[%clk 1:13:53]} Be6 {[%clk 1:15:30]} 16. b3 {[%clk 1:07:51]} Nb6
{[%clk 1:13:40]} 17. b4 {[%clk 0:53:35]} Nd5 {[%clk 1:11:11]} 18. Bxd5
{[%clk 0:54:01]} Bxd5 {[%clk 1:11:22]} 19. Nd2 {[%clk 0:54:05]} f6
{[%clk 1:09:42]} 20. Rhc1 {[%clk 0:52:20]} Bd6 {[%clk 1:09:28]} 21. Kf2
{[%clk 0:51:56]} h5 {[%clk 1:08:05]} 22. h3 {[%clk 0:51:31]} Rhe8
{[%clk 1:07:11]} 23. b5 {[%clk 0:46:43]} Bc5 {[%clk 1:04:33]} 24. Nf1
{[%clk 0:46:54]} axb5 {[%clk 1:03:17]} 25. Bxf6 {[%clk 0:45:41]} gxf6
{[%clk 1:03:11]} 26. Rxc5 {[%clk 0:46:02]} bxa4 {[%clk 1:01:54]} 27. Rxa4
{[%clk 0:46:14]} b6 {[%clk 1:01:52]} 28. Rc3 {[%clk 0:45:41]} Kb7
{[%clk 0:59:46]} 29. Ng3 {[%clk 0:45:34]} Be6 {[%clk 0:54:20]} 30. Rd4
{[%clk 0:45:21]} Rxd4 {[%clk 0:49:52]} 31. exd4 {[%clk 0:45:45]} h4
{[%clk 0:47:39]} 32. Nh5 {[%clk 0:39:55]} Rf8 {[%clk 0:45:35]} 33. Nf4
{[%clk 0:40:00]} Bf7 {[%clk 0:45:51]} 34. Nd3 {[%clk 0:33:56]} Ra8
{[%clk 0:45:16]} 35. Nf4 {[%clk 0:31:53]} Ra6 {[%clk 0:41:00]} 36. Ke3
{[%clk 0:31:44]} b5 {[%clk 0:39:42]} 37. d5 {[%clk 0:30:51]} b4 {[%clk 0:38:33]}
38. Rc2 {[%clk 0:29:31]} Rb6 {[%clk 0:37:01]} 39. Rb2 {[%clk 0:29:47]} b3
{[%clk 0:32:24]} 40. Kd2 {[%clk 0:28:39]} c6 {[%clk 0:30:54]} 41. Kc3
{[%clk 0:24:14]} Bxd5 {[%clk 0:30:05]} 42. Ng6 {[%clk 0:24:29]} Rb5
{[%clk 0:28:04]} 43. Nxh4 {[%clk 0:24:15]} Kb6 {[%clk 0:27:27]} 44. Nf5
{[%clk 0:23:16]} Ka5 {[%clk 0:26:00]} 45. Ne3 {[%clk 0:20:00]} Rc5+
{[%clk 0:21:42]} 46. Kd3 {[%clk 0:18:37]} Kb4 {[%clk 0:20:24]} 47. Rf2
{[%clk 0:17:06]} Rc1 {[%clk 0:20:05]} 48. h4 {[%clk 0:16:42]} Bf7
{[%clk 0:18:50]} 49. g4 {[%clk 0:16:33]} Ka3 {[%clk 0:18:53]} 50. h5
{[%clk 0:16:48]} b2 {[%clk 0:19:13]} 51. Rxb2 {[%clk 0:17:15]} Kxb2
{[%clk 0:19:38]} 52. f4 {[%clk 0:17:15]} c5 {[%clk 0:18:41]} 53. h6
{[%clk 0:17:40]} Rh1 {[%clk 0:18:14]} 0-1

[Event "MMM"]
[Site "Galaxy Gesia 22a - Krakow"]
[Date "2022.06.18"]
[Round "5.3"]
[White "Golenia, Wojciech"]
[Black "Torngren, Gustav"]
[Result "1-0"]
[BlackElo "2282"]
[WhiteElo "2130"]
[LiveChessVersion "1.4.8"]

1. e4 {[%clk 1:30:57]} e5 {[%clk 1:26:14]} 2. Nf3 {[%clk 1:30:44]} Nf6
{[%clk 1:26:03]} 3. Nxe5 {[%clk 1:29:19]} d6 {[%clk 1:26:27]} 4. Nf3
{[%clk 1:29:13]} Nxe4 {[%clk 1:26:48]} 5. Nc3 {[%clk 1:28:52]} Nxc3
{[%clk 1:27:06]} 6. dxc3 {[%clk 1:28:42]} Be7 {[%clk 1:27:25]} 7. Bf4
{[%clk 1:24:25]} Nd7 {[%clk 1:27:38]} 8. Qd2 {[%clk 1:22:21]} Nf6
{[%clk 1:27:24]} 9. O-O-O {[%clk 1:18:02]} O-O {[%clk 1:27:26]} 10. Bd3
{[%clk 1:16:55]} d5 {[%clk 1:27:44]} 11. Rhe1 {[%clk 1:09:46]} c6
{[%clk 1:26:11]} 12. h3 {[%clk 1:05:01]} Re8 {[%clk 1:24:38]} 13. Kb1
{[%clk 0:58:20]} a5 {[%clk 1:23:38]} 14. g4 {[%clk 0:54:22]} a4 {[%clk 1:23:30]}
15. a3 {[%clk 0:52:48]} b5 {[%clk 1:19:38]} 16. Nd4 {[%clk 0:48:19]} Bd7
{[%clk 1:18:51]} 17. Nf5 {[%clk 0:45:43]} Bf8 {[%clk 1:17:30]} 18. Rxe8
{[%clk 0:41:01]} Bxe8 {[%clk 1:16:33]} 19. Be5 {[%clk 0:39:40]} Nd7
{[%clk 1:05:55]} 20. Bd6 {[%clk 0:35:46]} Nc5 {[%clk 1:02:09]} 21. Bxf8
{[%clk 0:32:44]} Kxf8 {[%clk 1:02:33]} 22. Bf1 {[%clk 0:31:38]} Ne6
{[%clk 1:00:05]} 23. Nd4 {[%clk 0:29:20]} Nc5 {[%clk 0:50:05]} 24. Qf4
{[%clk 0:25:56]} Qb8 {[%clk 0:44:50]} 25. Qe3 {[%clk 0:25:23]} Qa7
{[%clk 0:39:56]} 26. Re1 {[%clk 0:23:07]} h6 {[%clk 0:33:14]} 27. g5
{[%clk 0:21:14]} hxg5 {[%clk 0:32:54]} 28. Qxg5 {[%clk 0:21:04]} Ne4
{[%clk 0:32:47]} 29. Qh4 {[%clk 0:20:36]} Kg8 {[%clk 0:13:50]} 30. f3
{[%clk 0:16:01]} Nd2+ {[%clk 0:13:36]} 31. Kc1 {[%clk 0:15:01]} Nxf1
{[%clk 0:13:38]} 32. Nf5 {[%clk 0:14:45]} g6 {[%clk 0:11:37]} 33. Nh6+
{[%clk 0:14:10]} Kg7 {[%clk 0:02:43]} 34. Ng4 {[%clk 0:13:31]} Kg8
{[%clk 0:02:56]} 35. Nf6+ {[%clk 0:11:04]} Kg7 {[%clk 0:03:03]} 36. Qh7+
{[%clk 0:06:16]} Kxf6 {[%clk 0:03:31]} 37. Qh8+ {[%clk 0:06:35]} Kg5
{[%clk 0:03:56]} 38. h4+ {[%clk 0:06:31]} Kf4 {[%clk 0:04:24]} 39. Qe5+
{[%clk 0:06:48]} Kxf3 {[%clk 0:04:52]} 40. Rxf1+ {[%clk 0:06:50]} Kg2
{[%clk 0:05:20]} 41. Qe2+ {[%clk 0:06:53]} Kg3 {[%clk 0:05:14]} 42. Qf3+
{[%clk 0:06:56]} Kxh4 {[%clk 0:05:28]} 43. Qf4+ {[%clk 0:07:19]} Kh3
{[%clk 0:05:51]} 44. Rh1+ {[%clk 0:07:40]} Kg2 {[%clk 0:06:15]} 45. Rh2+
{[%clk 0:08:03]} Kg1 {[%clk 0:06:43]} 46. Qg3+ {[%clk 0:08:27]} Kf1
{[%clk 0:07:10]} 47. Qg2+ {[%clk 0:08:53]} Ke1 {[%clk 0:07:24]} 48. Qe2#
{[%clk 0:09:20]} 1-0

[Event "MMM"]
[Site "Galaxy Gesia 22a - Krakow"]
[Date "2022.06.18"]
[Round "5.5"]
[White "Chmiel, Marcin"]
[Black "Lewicki, Miroslaw"]
[Result "1/2-1/2"]
[BlackElo "2340"]
[WhiteElo "2207"]
[LiveChessVersion "1.4.8"]

1. c4 {[%clk 1:30:37]} e5 {[%clk 1:30:42]} 2. Nc3 {[%clk 1:30:57]} f5
{[%clk 1:30:22]} 3. d4 {[%clk 1:31:07]} e4 {[%clk 1:30:16]} 4. h4
{[%clk 1:28:40]} Be7 {[%clk 1:27:26]} 5. g3 {[%clk 1:28:06]} Nf6 {[%clk 1:27:51]}
6. Bg5 {[%clk 1:27:54]} c6 {[%clk 1:26:21]} 7. Nh3 {[%clk 1:24:48]} O-O
{[%clk 1:13:39]} 8. e3 {[%clk 1:23:29]} Na6 {[%clk 1:13:08]} 9. Nf4
{[%clk 1:21:27]} Nc7 {[%clk 1:13:26]} 10. c5 {[%clk 1:15:42]} d6 {[%clk 1:06:48]}
11. cxd6 {[%clk 1:15:15]} Qxd6 {[%clk 1:07:11]} 12. Bc4+ {[%clk 1:14:33]} Kh8
{[%clk 1:06:14]} 13. Ng6+ {[%clk 0:54:58]} hxg6 {[%clk 1:06:38]} 14. h5
{[%clk 0:55:17]} Kh7 {[%clk 1:07:06]} 15. Bxf6 {[%clk 0:47:57]} g5
{[%clk 1:07:33]} 16. Be5 {[%clk 0:46:05]} Qd7 {[%clk 1:04:16]} 17. g4
{[%clk 0:34:53]} Nd5 {[%clk 0:55:38]} 18. gxf5 {[%clk 0:31:58]} Qxf5
{[%clk 0:55:30]} 19. Qe2 {[%clk 0:25:07]} Be6 {[%clk 0:53:28]} 20. Nxe4
{[%clk 0:21:44]} Nb4 {[%clk 0:52:15]} 21. Bxe6 {[%clk 0:18:59]} Qxe4
{[%clk 0:52:36]} 22. O-O {[%clk 0:18:28]} Rf3 {[%clk 0:52:09]} 23. Bg3
{[%clk 0:14:59]} Raf8 {[%clk 0:51:34]} 24. Bh3 {[%clk 0:14:25]} Nc2
{[%clk 0:46:00]} 25. Rad1 {[%clk 0:12:24]} Nxe3 {[%clk 0:45:28]} 26. Rd3
{[%clk 0:06:55]} Bd6 {[%clk 0:43:55]} 27. Rxe3 {[%clk 0:06:22]} Rxe3
{[%clk 0:44:21]} 28. Qxe3 {[%clk 0:06:39]} Qxe3 {[%clk 0:44:41]} 29. fxe3
{[%clk 0:06:32]} Rxf1+ {[%clk 0:45:08]} 30. Kxf1 {[%clk 0:06:56]} Bxg3
{[%clk 0:45:33]} 31. Kg2 {[%clk 0:06:43]} Bd6 {[%clk 0:45:39]} 32. Bc8
{[%clk 0:05:30]} b6 {[%clk 0:46:00]} 33. Kf3 {[%clk 0:04:20]} g6 {[%clk 0:46:14]}
34. hxg6+ {[%clk 0:04:22]} Kxg6 {[%clk 0:46:42]} 35. Bg4 {[%clk 0:03:06]} Bh2
{[%clk 0:46:04]} 36. Ke4 {[%clk 0:02:19]} Bg1 {[%clk 0:46:26]} 37. Kd3
{[%clk 0:02:32]} Kf6 {[%clk 0:46:49]} 38. e4 {[%clk 0:02:38]} Ke7
{[%clk 0:45:58]} 39. e5 {[%clk 0:02:19]} a5 {[%clk 0:46:09]} 40. a4
{[%clk 0:02:03]} Bf2 {[%clk 0:46:30]} 41. b3 {[%clk 0:02:22]} Bg1
{[%clk 0:46:55]} 42. Ke4 {[%clk 0:01:52]} 1/2-1/2

[Event "MMM"]
[Site "Galaxy Gesia 22a - Krakow"]
[Date "2022.06.18"]
[Round "5.6"]
[White "Marszalek, Maciej"]
[Black "Meers, Hubert"]
[Result "1-0"]
[BlackElo "2015"]
[WhiteElo "2287"]
[LiveChessVersion "1.4.8"]

1. e4 {[%clk 1:30:31]} c5 {[%clk 1:30:48]} 2. Nf3 {[%clk 1:30:50]} Nc6
{[%clk 1:31:09]} 3. Bb5 {[%clk 1:31:08]} g6 {[%clk 1:31:16]} 4. Bxc6
{[%clk 1:31:33]} dxc6 {[%clk 1:31:43]} 5. d3 {[%clk 1:31:47]} Bg7
{[%clk 1:30:06]} 6. h3 {[%clk 1:31:13]} e5 {[%clk 1:27:35]} 7. Nc3
{[%clk 1:29:13]} Ne7 {[%clk 1:27:35]} 8. Be3 {[%clk 1:29:15]} b6 {[%clk 1:27:41]}
9. Qd2 {[%clk 1:23:20]} Qd6 {[%clk 1:23:08]} 10. Bh6 {[%clk 1:22:56]} O-O
{[%clk 1:22:33]} 11. Bxg7 {[%clk 1:19:35]} Kxg7 {[%clk 1:22:59]} 12. Nd1
{[%clk 1:19:59]} Be6 {[%clk 1:13:16]} 13. Ne3 {[%clk 1:19:15]} Rad8
{[%clk 1:12:33]} 14. a4 {[%clk 1:15:47]} a5 {[%clk 1:11:01]} 15. b3
{[%clk 1:14:47]} f6 {[%clk 1:09:54]} 16. Qc3 {[%clk 1:13:25]} h5 {[%clk 1:07:37]}
17. g4 {[%clk 1:09:10]} hxg4 {[%clk 1:07:53]} 18. hxg4 {[%clk 1:09:36]} Rh8
{[%clk 1:07:27]} 19. Rxh8 {[%clk 1:06:00]} Rxh8 {[%clk 1:07:18]} 20. g5
{[%clk 1:05:55]} Rh1+ {[%clk 1:00:35]} 21. Ke2 {[%clk 1:06:03]} Rxa1
{[%clk 1:01:01]} 22. Qxa1 {[%clk 1:06:31]} fxg5 {[%clk 1:00:32]} 23. Nxg5
{[%clk 1:06:07]} b5 {[%clk 0:53:59]} 24. Nf3 {[%clk 1:05:23]} Kf6 25. Qc3
{[%clk 1:00:23]} g5 {[%clk 0:40:28]} 26. Qxa5 {[%clk 0:58:50]} b4
{[%clk 0:40:52]} 27. Qa8 {[%clk 0:59:08]} Ng6 {[%clk 0:41:10]} 28. Nh2
{[%clk 0:52:05]} Qd7 {[%clk 0:39:49]} 29. f3 {[%clk 0:48:37]} Nf4+
{[%clk 0:39:04]} 30. Kd2 {[%clk 0:44:08]} c4 {[%clk 0:36:32]} 31. Qh8+
{[%clk 0:39:31]} Ke7 {[%clk 0:29:45]} 32. Qg7+ {[%clk 0:36:50]} Bf7
{[%clk 0:30:06]} 33. Qxe5+ {[%clk 0:36:33]} Kf8 {[%clk 0:30:33]} 34. Qh8+
{[%clk 0:35:38]} Ke7 {[%clk 0:30:53]} 35. Nf5+ {[%clk 0:35:47]} Ke6
{[%clk 0:31:20]} 36. bxc4 {[%clk 0:34:12]} b3 {[%clk 0:29:21]} 37. Ng4
{[%clk 0:34:17]} 1-0

[Event "MMM"]
[Site "Galaxy Gesia 22a - Krakow"]
[Date "2022.06.18"]
[Round "5.7"]
[White "Kyc, Jerzy"]
[Black "Melaa, Sondre"]
[Result "0-1"]
[BlackElo "2178"]
[WhiteElo "2213"]
[LiveChessVersion "1.4.8"]

1. e4 {[%clk 1:30:59]} c5 {[%clk 1:30:20]} 2. Nf3 {[%clk 1:31:25]} g6
{[%clk 1:30:43]} 3. d4 {[%clk 1:31:48]} cxd4 {[%clk 1:31:06]} 4. Nxd4
{[%clk 1:32:16]} Nc6 {[%clk 1:31:22]} 5. Nc3 {[%clk 1:32:39]} Bg7
{[%clk 1:31:40]} 6. Be3 {[%clk 1:33:00]} Nf6 {[%clk 1:32:00]} 7. Nxc6
{[%clk 1:33:22]} bxc6 {[%clk 1:32:20]} 8. e5 {[%clk 1:33:50]} Ng8
{[%clk 1:32:40]} 9. Bd4 {[%clk 1:34:16]} f6 {[%clk 1:32:57]} 10. Qe2
{[%clk 1:34:37]} Qa5 {[%clk 1:32:57]} 11. exf6 {[%clk 1:35:01]} Nxf6
{[%clk 1:33:17]} 12. O-O-O {[%clk 1:34:45]} d5 {[%clk 1:33:19]} 13. f3
{[%clk 1:27:05]} Rb8 {[%clk 1:31:34]} 14. g4 {[%clk 1:21:37]} Qb4
{[%clk 1:29:09]} 15. b3 {[%clk 1:21:42]} O-O {[%clk 1:18:33]} 16. Kb2
{[%clk 0:45:55]} Rb7 {[%clk 0:46:09]} 17. Be5 {[%clk 0:39:52]} e6
{[%clk 0:41:23]} 18. h4 {[%clk 0:38:57]} c5 {[%clk 0:32:48]} 19. h5
{[%clk 0:37:39]} d4 {[%clk 0:31:55]} 20. Nb5 {[%clk 0:30:51]} a6 {[%clk 0:22:52]}
21. Nd6 {[%clk 0:23:42]} Nd5 {[%clk 0:23:05]} 22. Bxg7 {[%clk 0:22:14]} Nc3
{[%clk 0:18:10]} 23. Rxd4 {[%clk 0:13:57]} cxd4 {[%clk 0:13:17]} 24. Qe5
{[%clk 0:13:54]} Rxg7 {[%clk 0:10:36]} 25. Nxc8 {[%clk 0:08:11]} Nd1+
{[%clk 0:03:15]} 26. Kc1 {[%clk 0:08:35]} Qc3 {[%clk 0:03:07]} 27. Qxe6+
{[%clk 0:05:44]} Kh8 {[%clk 0:03:33]} 28. h6 {[%clk 0:02:58]} Rgf7
{[%clk 0:02:09]} 29. Qe5+ {[%clk 0:02:03]} Rf6 {[%clk 0:02:32]} 30. Nd6
{[%clk 0:00:35]} Ne3 {[%clk 0:02:06]} 31. Bd3 Qa1+ {[%clk 0:02:21]} 32. Kd2
{[%clk 0:00:59]} Qxh1 {[%clk 0:02:34]} 33. Be2 {[%clk 0:01:01]} Qb1
{[%clk 0:00:54]} 34. Qxd4 {[%clk 0:00:44]} Nf1+ {[%clk 0:00:58]} 35. Kd3
{[%clk 0:00:40]} Qe1 {[%clk 0:00:39]} 36. Ne4 {[%clk 0:01:03]} Ng3
{[%clk 0:00:43]} 37. Nxg3 {[%clk 0:00:33]} Qxg3 {[%clk 0:01:05]} 38. Kc3
{[%clk 0:00:48]} Qd6 {[%clk 0:01:15]} 39. a4 {[%clk 0:00:37]} Rc8+
{[%clk 0:00:55]} 40. Bc4 {[%clk 0:01:03]} Qxd4+ {[%clk 0:00:56]} 41. Kxd4
{[%clk 0:01:32]} a5 {[%clk 0:00:50]} 0-1

[Event "MMM"]
[Site "Galaxy Gesia 22a - Krakow"]
[Date "2022.06.18"]
[Round "5.8"]
[White "Trybus, Daniel"]
[Black "Krawczyk, Wojciech"]
[Result "1-0"]
[BlackElo "2036"]
[WhiteElo "2199"]
[LiveChessVersion "1.4.8"]

1. e4 {[%clk 1:15:39]} c6 {[%clk 1:30:41]} 2. d4 {[%clk 1:16:05]} d5
{[%clk 1:31:06]} 3. Nc3 {[%clk 1:16:34]} dxe4 {[%clk 1:31:28]} 4. Nxe4
{[%clk 1:17:03]} Nd7 {[%clk 1:31:17]} 5. Bd3 {[%clk 1:14:23]} Ngf6
{[%clk 1:31:13]} 6. Ng5 {[%clk 1:14:45]} e6 {[%clk 1:29:11]} 7. N1f3
{[%clk 1:14:48]} Bd6 {[%clk 1:27:41]} 8. Qe2 {[%clk 1:14:47]} Qe7
{[%clk 1:27:55]} 9. Ne5 {[%clk 1:12:22]} Bxe5 {[%clk 1:18:25]} 10. dxe5
{[%clk 1:12:10]} Nd5 {[%clk 1:18:45]} 11. a3 {[%clk 1:08:43]} h6 {[%clk 1:17:51]}
12. Nf3 {[%clk 1:09:04]} b6 {[%clk 1:15:38]} 13. c4 {[%clk 1:06:12]} Nc7
{[%clk 1:15:05]} 14. Bf4 {[%clk 1:03:13]} Bb7 {[%clk 1:13:59]} 15. O-O
{[%clk 1:02:23]} Rd8 {[%clk 1:05:29]} 16. Bc2 {[%clk 1:01:01]} g5
{[%clk 1:04:46]} 17. Bg3 {[%clk 1:01:00]} c5 {[%clk 0:58:01]} 18. Be4
{[%clk 0:58:48]} Bxe4 {[%clk 0:54:55]} 19. Qxe4 {[%clk 0:59:16]} Nf8
{[%clk 0:50:15]} 20. Rad1 {[%clk 0:55:29]} Ng6 {[%clk 0:46:30]} 21. h4
{[%clk 0:52:49]} O-O {[%clk 0:42:06]} 22. hxg5 {[%clk 0:52:46]} h5
{[%clk 0:41:28]} 23. Rd6 {[%clk 0:47:44]} Ne8 {[%clk 0:40:52]} 24. Rfd1
{[%clk 0:47:05]} Ng7 {[%clk 0:37:41]} 25. Qd3 {[%clk 0:44:01]} Rxd6
{[%clk 0:29:56]} 26. exd6 {[%clk 0:44:23]} Qd7 {[%clk 0:30:15]} 27. Ne5
{[%clk 0:44:37]} Nxe5 {[%clk 0:27:54]} 28. Bxe5 {[%clk 0:45:04]} Rc8
{[%clk 0:27:45]} 29. Qf3 {[%clk 0:45:25]} Kh7 {[%clk 0:27:17]} 30. g4
{[%clk 0:44:20]} hxg4 {[%clk 0:27:11]} 31. Qh1+ {[%clk 0:44:40]} Kg8
{[%clk 0:25:23]} 32. Bf6 {[%clk 0:45:01]} Qa4 {[%clk 0:25:32]} 33. Rf1
{[%clk 0:44:29]} Qe8 {[%clk 0:25:33]} 34. d7 {[%clk 0:44:20]} 1-0

[Event "MMM"]
[Site "Galaxy Gesia 22a - Krakow"]
[Date "2022.06.18"]
[Round "5.9"]
[White "Kulesza, Andrzej"]
[Black "Stam, Hans"]
[Result "1-0"]
[BlackElo "2094"]
[WhiteElo "2024"]
[LiveChessVersion "1.4.8"]

1. e4 {[%clk 1:30:06]} e5 {[%clk 1:30:56]} 2. Nf3 {[%clk 1:29:14]} Nc6
{[%clk 1:31:19]} 3. d4 {[%clk 1:27:44]} exd4 {[%clk 1:31:42]} 4. Nxd4
{[%clk 1:27:32]} Nf6 {[%clk 1:32:00]} 5. Nxc6 {[%clk 1:25:15]} bxc6
{[%clk 1:32:23]} 6. e5 {[%clk 1:23:29]} Nd5 {[%clk 1:32:05]} 7. c4
{[%clk 1:19:02]} Nb6 {[%clk 1:32:27]} 8. Bd3 {[%clk 1:17:36]} Qh4
{[%clk 1:29:55]} 9. O-O {[%clk 1:14:21]} Bc5 {[%clk 1:28:14]} 10. Nd2
{[%clk 1:12:13]} d5 {[%clk 1:24:13]} 11. cxd5 {[%clk 1:05:44]} cxd5
{[%clk 1:19:32]} 12. Qc2 {[%clk 1:03:32]} Nd7 {[%clk 1:19:36]} 13. Nf3
{[%clk 0:57:27]} Qh5 {[%clk 1:18:20]} 14. Bb5 {[%clk 0:57:16]} Bb6
{[%clk 1:17:49]} 15. Qc6 {[%clk 0:56:58]} Rb8 {[%clk 1:16:42]} 16. e6
{[%clk 0:57:19]} O-O {[%clk 1:10:59]} 17. exd7 {[%clk 0:56:44]} Bb7
{[%clk 1:11:23]} 18. Qc2 {[%clk 0:55:24]} c5 {[%clk 1:11:43]} 19. Bf4
{[%clk 0:53:18]} 1-0

[Event "MMM"]
[Site "Galaxy Gesia 22a - Krakow"]
[Date "2022.06.18"]
[Round "5.10"]
[White "Janeczko, Jakub"]
[Black "Palosz, Andrzej"]
[Result "1/2-1/2"]
[BlackElo "2034"]
[WhiteElo "2087"]
[LiveChessVersion "1.4.8"]

1. e4 {[%clk 1:30:31]} c5 {[%clk 1:27:14]} 2. Nf3 {[%clk 1:30:54]} e6
{[%clk 1:27:37]} 3. d4 {[%clk 1:31:05]} cxd4 {[%clk 1:28:00]} 4. Nxd4
{[%clk 1:31:31]} a6 {[%clk 1:28:22]} 5. Bd3 {[%clk 1:31:58]} Nf6 {[%clk 1:28:29]}
6. Nc3 {[%clk 1:32:23]} Qc7 {[%clk 1:28:41]} 7. O-O {[%clk 1:30:30]} Be7
{[%clk 1:28:04]} 8. Kh1 {[%clk 1:30:33]} O-O {[%clk 1:28:14]} 9. f4
{[%clk 1:29:18]} d6 {[%clk 1:28:10]} 10. Be3 {[%clk 1:26:50]} Nbd7
{[%clk 1:20:59]} 11. Nb3 {[%clk 1:17:10]} b5 {[%clk 1:19:42]} 12. a3
{[%clk 1:17:33]} Bb7 {[%clk 1:19:39]} 13. Qe2 {[%clk 1:17:46]} Rfe8
{[%clk 1:19:26]} 14. Rad1 {[%clk 1:17:33]} Bf8 {[%clk 1:18:48]} 15. h3
{[%clk 1:15:30]} e5 {[%clk 1:18:15]} 16. Qf2 {[%clk 1:13:59]} exf4
{[%clk 1:10:37]} 17. Qxf4 {[%clk 1:14:10]} Ne5 {[%clk 1:10:10]} 18. Nd4
{[%clk 1:08:47]} d5 {[%clk 0:56:28]} 19. exd5 {[%clk 1:04:50]} Nxd5
{[%clk 0:35:28]} 20. Nxd5 {[%clk 0:51:29]} Bxd5 {[%clk 0:35:50]} 21. Qg3
{[%clk 0:46:10]} Qb7 {[%clk 0:31:26]} 22. Bf5 {[%clk 0:41:22]} g6
{[%clk 0:30:15]} 23. Rf2 {[%clk 0:39:59]} Bg7 {[%clk 0:30:04]} 24. c3
{[%clk 0:37:59]} gxf5 {[%clk 0:26:54]} 25. Bh6 {[%clk 0:37:40]} Ng6
{[%clk 0:26:53]} 26. Bxg7 {[%clk 0:37:57]} Kxg7 {[%clk 0:27:21]} 27. Nxf5+
{[%clk 0:38:17]} Kg8 {[%clk 0:27:17]} 28. Nh6+ {[%clk 0:23:09]} Kg7
{[%clk 0:24:17]} 29. Nf5+ {[%clk 0:22:56]} Kg8 {[%clk 0:24:40]} 30. Nh6+
{[%clk 0:18:10]} Kg7 {[%clk 0:25:02]} 31. Nf5+ {[%clk 0:15:21]} 1/2-1/2

[Event "MMM"]
[Site "Galaxy Gesia 22a - Krakow"]
[Date "2022.06.18"]
[Round "5.11"]
[White "Van De Lisdonk, Lucien"]
[Black "Dziewonski, Dariusz"]
[Result "1-0"]
[BlackElo "2015"]
[WhiteElo "2053"]
[LiveChessVersion "1.4.8"]

1. e4 {[%clk 1:26:12]} e5 {[%clk 1:30:56]} 2. Nf3 {[%clk 1:26:32]} Nc6
{[%clk 1:31:21]} 3. d4 {[%clk 1:26:54]} exd4 {[%clk 1:31:43]} 4. Bc4
{[%clk 1:27:18]} Nf6 {[%clk 1:30:00]} 5. Ng5 {[%clk 1:27:34]} d5 {[%clk 0:59:56]}
6. exd5 {[%clk 1:27:55]} Nxd5 {[%clk 0:52:22]} 7. O-O {[%clk 1:27:01]} Be6
{[%clk 0:41:06]} 8. Re1 {[%clk 1:23:30]} Qd7 {[%clk 0:34:47]} 9. Nxf7
{[%clk 1:20:25]} Kxf7 {[%clk 0:33:37]} 10. Qf3+ {[%clk 1:20:49]} Kg6
{[%clk 0:32:45]} 11. Rxe6+ {[%clk 1:20:06]} Qxe6 {[%clk 0:32:32]} 12. Bd3+
{[%clk 1:20:32]} Qf5 {[%clk 0:32:55]} 13. Qxf5# 1-0

[Event "MMM"]
[Site "Galaxy Gesia 22a - Krakow"]
[Date "2022.06.18"]
[Round "5.12"]
[White "Cieslak, Patryk"]
[Black "Oranje, Richard"]
[Result "1-0"]
[BlackElo "2066"]
[WhiteElo "1984"]
[LiveChessVersion "1.4.8"]

1. e4 {[%clk 1:30:56]} e6 {[%clk 1:30:56]} 2. d4 {[%clk 1:30:57]} d5
{[%clk 1:31:22]} 3. Nc3 {[%clk 1:28:54]} Bb4 {[%clk 1:31:45]} 4. Qd3
{[%clk 1:28:51]} dxe4 {[%clk 1:30:33]} 5. Qxe4 {[%clk 1:29:14]} Nf6
{[%clk 1:30:27]} 6. Qh4 {[%clk 1:29:27]} Nbd7 {[%clk 1:21:38]} 7. Nf3
{[%clk 1:27:32]} Nd5 {[%clk 0:59:47]} 8. Qxd8+ {[%clk 1:27:18]} Kxd8
{[%clk 1:00:15]} 9. Bd2 {[%clk 1:27:24]} Nxc3 {[%clk 0:59:38]} 10. Bxc3
{[%clk 1:27:24]} Bxc3+ {[%clk 0:59:56]} 11. bxc3 {[%clk 1:27:48]} Ke7
{[%clk 0:59:06]} 12. Kd2 {[%clk 1:26:46]} Rd8 {[%clk 0:59:26]} 13. Bb5
{[%clk 1:22:00]} c6 {[%clk 0:59:21]} 14. Bd3 {[%clk 1:20:36]} h6 {[%clk 0:53:10]}
15. Ke3 {[%clk 1:10:19]} b6 {[%clk 0:39:07]} 16. Rhb1 {[%clk 1:03:07]} Bb7
{[%clk 0:36:14]} 17. a4 {[%clk 0:58:56]} c5 {[%clk 0:35:45]} 18. a5
{[%clk 0:58:30]} Bxf3 {[%clk 0:30:20]} 19. Kxf3 {[%clk 0:58:24]} cxd4
{[%clk 0:25:08]} 20. cxd4 {[%clk 0:58:33]} Rab8 {[%clk 0:23:11]} 21. axb6
{[%clk 0:48:57]} axb6 {[%clk 0:23:34]} 22. Ra7 {[%clk 0:49:13]} Kd6
{[%clk 0:23:47]} 23. Bb5 {[%clk 0:47:51]} f6 {[%clk 0:15:54]} 24. c4
{[%clk 0:47:17]} g5 {[%clk 0:11:18]} 25. Bxd7 {[%clk 0:35:21]} Rxd7
{[%clk 0:11:42]} 26. c5+ {[%clk 0:35:40]} Kc6 {[%clk 0:11:36]} 27. Rxd7
{[%clk 0:35:42]} Kxd7 {[%clk 0:12:01]} 28. Rxb6 {[%clk 0:34:54]} Rxb6
{[%clk 0:01:18]} 29. cxb6 {[%clk 0:35:23]} f5 {[%clk 0:01:47]} 30. g4
{[%clk 0:34:30]} Kc6 {[%clk 0:01:13]} 31. d5+ {[%clk 0:33:49]} 1-0